000 00440nam a2200181Ia 4500
001 25206
005 20260414151134.0
008 260414t2014||||xx |||||||||||||| ||spa||
041 _aESP
082 _a346.4
_bG67
100 _aGonzales Barrón, Gunther
_eAUT
245 0 _aLa propiedad :
_bmecanismos de defensa
260 _c2014
300 _a525 páginas :
_c25 cm.
650 _aDER
654 _aCDE
942 _cLIB
_dJUS
_fJUS
_2ddc
_n
999 _c25206
_d25206